00686cam a22002291 4500001001300000003000400013005001700017008004100034010001700075035002000092040002100112042001200133050002000145100002500165245007100190260004300261300003500304500006400339500001500403752002100418999001700439he 68000526 DLC20260227111454.0840119s1967 is ac 000 0 heb  ahe 68000526  a(OCoLC)19149797 aDLCcMHdCUdDLC apremarc00aPJ5054.B534bR81 aBinietsky, Menachem.10aRuaḥ ḳarah min ha-tsafon :bmi-shire ha-tsafon ṿeha-nedudim. aTel Aviv :bB. Tsʼeriḳover,c[1967] a60 p. :bill., port. ;c22 cm. aAdded t.p.: A cold wind from the north; poems and drawings. aVocalized. aIsraeldTel Aviv c32955d32955